Central civil services pension rules 1972 : (Record no. 126346)

MARC details
000 -LEADER
fixed length control field 00739nam a22002417a 4500
005 - DATE AND TIME OF LATEST TRANSACTION
control field 20170124110008.0
010 ## - LIBRARY OF CONGRESS CONTROL NUMBER
LC control number 962742
020 ## - INTERNATIONAL STANDARD BOOK NUMBER
Terms of availability 15.00
035 ## - SYSTEM CONTROL NUMBER
System control number 962742
037 ## - SOURCE OF ACQUISITION
Source of stock number/acquisition Cen Lib/Ret
040 ## - CATALOGING SOURCE
Original cataloging agency DPL
Language of cataloging EN
082 ## - DEWEY DECIMAL CLASSIFICATION NUMBER
Classification number 351.5
Item number GHO
100 ## - MAIN ENTRY--PERSONAL NAME
Personal name Ghosh
9 (RLIN) 17287
245 ## - TITLE STATEMENT
Title Central civil services pension rules 1972 :
Statement of responsibility, etc by .Ghosh [and] Uppal
Remainder of title corrected upto july 1979 /
250 ## - EDITION STATEMENT
Edition statement 2nd ed
260 ## - PUBLICATION, DISTRIBUTION, ETC. (IMPRINT)
Place of publication, distribution, etc New Delhi
Name of publisher, distributor, etc M/s. Kanchan publications
Date of publication, distribution, etc 1979
270 ## - ADDRESS
Address iv-D/50, Old Double story Lajpat Nagar
City New Delhi
Postal code 110024
300 ## - PHYSICAL DESCRIPTION
Extent vii,331p.
Dimensions 20cm(Hb)
650 ## - SUBJECT ADDED ENTRY--TOPICAL TERM
Topical term or geographic name as entry element Pensions--India
9 (RLIN) 74209
650 ## - SUBJECT ADDED ENTRY--TOPICAL TERM
Topical term or geographic name as entry element Labor laws and legislation
9 (RLIN) 8613
700 ## - ADDED ENTRY--PERSONAL NAME
Personal name Uppal
9 (RLIN) 74210
942 ## - ADDED ENTRY ELEMENTS (KOHA)
Source of classification or shelving scheme Dewey Decimal Classification
Koha item type English Books
Classification part 351.5
Call number suffix GHO
Holdings
Withdrawn status Lost status Damaged status Not for loan Home library Current library Date acquired Source of acquisition Cost, normal purchase price Total Checkouts Full call number Barcode Date last seen Copy number Cost, replacement price Price effective from Koha item type Public note
Written off       Central Library Central Library 25/06/2015 Cen Lib/Ret 15.00   351.5 GHO 962742 25/06/2015 1 15.00 25/06/2015 English Books Written off on approval by DLB (By Circulation); dtd 15-06-2023

© Delhi Public Library
Hit Counter
free hit counter